[Event "Andratx 2nd"]
[Site "Andratx"]
[Date "2007.10.14"]
[Round "9"]
[White "Martinez Gonzalez, Alejandro Santiago"]
[Black "Glud, Jakob Vang"]
[Result "0-1"]
[WhiteElo "2328"]
[BlackElo "2448"]
[PlyCount "128"]
[EventDate "2007.10.08"]
[EventType "tourn"]
[EventRounds "9"]
[EventCountry "ESP"]
[EventCategory "3"]
[SourceTitle "CBM 120 Extra"]
[Source "ChessBase"]
[SourceDate "2007.11.01"]
[SourceVersion "1"]
[SourceVersionDate "2007.11.01"]
[SourceQuality "1"]

1. d4 d5 2. c4 c6 3. Nf3 Nf6 4. e3 Bf5 5. Bd3 Bxd3 6. Qxd3 e6 7. 0-0 Nbd7 8. Nc3 Be7 9. e4 dxe4 10. Nxe4 0-0 11. Bf4 Nxe4 12. Qxe4 Nf6 13. Qe2 Qa5 14. Rfd1 Rfd8 15. b3 Rac8 16. a4 Qf5 17. Bg3 Ne4 18. Rd3 Nxg3 19. hxg3 Bf6 20. Rad1 Rd6 21. Qe3 Rcd8 22. R3d2 Qa5 23. g4 h6 24. Rd3 a6 25. Qd2 Qc7 26. Qf4 Qe7 27. Qe4 Qc7 28. Qf4 Qc8 29. Qe4 b5 30. axb5 axb5 31. Ne5 Qa6 32. f4 bxc4 33. bxc4 Bxe5 34. dxe5 Rxd3 35. Rxd3 Qb6+ 36. Kh2 Rxd3 37. Qxd3 Qf2 38. Qe4 Qh4+ 39. Kg1 Qxg4 40. Qxc6 Qxf4 41. Qc8+ Kh7 42. c5 g5 43. c6 g4 44. Qb7 g3 45. Qb1+ Kg7 46. Qc2 Qxe5 47. Kf1 Qc7 48. Ke2 h5 49. Qb2+ Kf8 50. Qb7 Qe5+ 51. Kd2 Qd5+ 52. Kc3 Kg7 53. Qd7 Qc5+ 54. Kd3 Qb5+ 55. Kc3 e5 56. Qb7 Qc5+ 57. Kd3 Qd5+ 58. Kc3 Qxg2 59. Qd7 Qf3+ 60. Kb4 g2 61. c7 g1Q 62. c8Q Qe1+ 63. Kc5 Qa5+ 64. Kd6 Qf6+ 0-1

[Event "Andratx 2nd"]
[Site "Andratx"]
[Date "2007.10.11"]
[Round "4"]
[White "Martinez Gonzalez, Alejandro Santiago"]
[Black "Movsziszian, Karen"]
[Result "1/2-1/2"]
[WhiteElo "2328"]
[BlackElo "2531"]
[PlyCount "84"]
[EventDate "2007.10.08"]
[EventType "tourn"]
[EventRounds "9"]
[EventCountry "ESP"]
[EventCategory "3"]
[SourceTitle "CBM 120 Extra"]
[Source "ChessBase"]
[SourceDate "2007.11.01"]
[SourceVersion "1"]
[SourceVersionDate "2007.11.01"]
[SourceQuality "1"]

1. c4 f5 2. Nc3 Nf6 3. g3 g6 4. Bg2 Bg7 5. e3 0-0 6. Nge2 e5 7. 0-0 d6 8. d3 c6 9. e4 Na6 10. h3 f4 11. gxf4 Nh5 12. f5 gxf5 13. Ng3 Nf4 14. Bxf4 exf4 15. Nxf5 Bxf5 16. exf5 Rxf5 17. Qg4 Qf8 18. Be4 Rf6 19. Kh1 Kh8 20. Rg1 Re8 21. Rg2 Rh6 22. Rag1 Be5 23. Ne2 Nc5 24. f3 Ne6 25. b4 Qf7 26. b5 Bf6 27. bxc6 Rh4 28. Qf5 Rh5 29. Rg8+ Rxg8 30. Rxg8+ Kxg8 31. Qg4+ Rg5 32. cxb7 Qe8 33. Qxe6+ Qxe6 34. b8Q+ Kg7 35. Nxf4 Qe5 36. Qxa7+ Be7 37. d4 Qxf4 38. Qxe7+ Kg8 39. Qe8+ Kg7 40. Qe7+ Kg8 41. Qe8+ Kg7 42. Qe7+ Kg8 1/2-1/2

[Event "Andratx 2nd"]
[Site "Andratx"]
[Date "2007.10.10"]
[Round "3"]
[White "Schenk Papke, Andres"]
[Black "Martinez Gonzalez, Alejandro Santiago"]
[Result "0-1"]
[WhiteElo "2136"]
[BlackElo "2328"]
[PlyCount "54"]
[EventDate "2007.10.08"]
[EventType "tourn"]
[EventRounds "9"]
[EventCountry "ESP"]
[EventCategory "3"]
[SourceTitle "CBM 120 Extra"]
[Source "ChessBase"]
[SourceDate "2007.11.01"]
[SourceVersion "1"]
[SourceVersionDate "2007.11.01"]
[SourceQuality "1"]

1. d4 Nf6 2. Nf3 g6 3. g3 Bg7 4. Bg2 0-0 5. 0-0 d6 6. c4 Nc6 7. Nc3 a6 8. Re1 Rb8 9. Rb1 e5 10. dxe5 dxe5 11. Qxd8 Rxd8 12. Bg5 Be6 13. b3 h6 14. Bxf6 Bxf6 15. e4 Bg7 16. Red1 Nb4 17. Ne1 Rd4 18. a3 Nc6 19. Nc2 Rxd1+ 20. Rxd1 Na5 21. Bf1 Nxb3 22. Nd5 c6 23. Nde3 Nd4 24. Nb4 Rd8 25. Kg2 Bf8 26. Nd3 Nb3 27. Rb1 Nd2 0-1

[Event "Andratx 2nd"]
[Site "Andratx"]
[Date "2007.10.09"]
[Round "2"]
[White "Martinez Gonzalez, Alejandro Santiago"]
[Black "Massanet Massanet, Sebastian"]
[Result "1-0"]
[WhiteElo "2328"]
[BlackElo "2208"]
[PlyCount "139"]
[EventDate "2007.10.08"]
[EventType "tourn"]
[EventRounds "9"]
[EventCountry "ESP"]
[EventCategory "3"]
[SourceTitle "CBM 120 Extra"]
[Source "ChessBase"]
[SourceDate "2007.11.01"]
[SourceVersion "1"]
[SourceVersionDate "2007.11.01"]
[SourceQuality "1"]

1. d4 d5 2. Nf3 Nf6 3. c4 e6 4. Nc3 c6 5. cxd5 exd5 6. Qc2 Be7 7. Bg5 0-0 8. e3 h6 9. Bf4 Re8 10. Bd3 Nbd7 11. h3 Nf8 12. 0-0 b6 13. Rfd1 Ne6 14. Bh2 Bb7 15. Rab1 Bd6 16. Ne5 Qe7 17. a3 Rac8 18. b4 Ng5 19. Bf5 Rc7 20. Qe2 Bc8 21. Bd3 Nge4 22. Rdc1 Bb7 23. Na4 Rec8 24. f3 Ng5 25. Rc2 Nd7 26. Bf5 Ne6 27. Rbc1 g6 28. Bd3 Bxe5 29. dxe5 c5 30. Qd2 Bc6 31. Nb2 c4 32. Bf1 b5 33. Nd1 Nb6 34. Nc3 Rd7 35. Ne2 a5 36. bxa5 Na4 37. Qb4 Nac5 38. Rd1 Nb3 39. Nc3 d4 40. exd4 Nexd4 41. Rf2 Ra8 42. Bf4 g5 43. Qxe7 Rxe7 44. Be3 Nf5 45. Bb6 Rxe5 46. Ne4 Bxe4 47. fxe4 Ne7 48. Rd7 Nxa5 49. a4 Nb3 50. axb5 Ra4 51. Bd8 Nc5 52. Rxe7 Rxe7 53. Bxe7 Nxe4 54. Rc2 Ra7 55. Bb4 c3 56. Bd3 Ra1+ 57. Kh2 Rb1 58. Bxe4 Rxb4 59. Bc6 Rc4 60. Kg3 Kf8 61. Kf3 Ke7 62. Ke3 f5 63. Kd3 Rb4 64. Kxc3 Rb1 65. Rd2 h5 66. Kc4 g4 67. hxg4 fxg4 68. Rd5 h4 69. Rh5 Rh1 70. Kc5 1-0

[Event "Son Dameto Mestres 2nd"]
[Site "Son Dameto"]
[Date "2003.12.28"]
[Round "2.1"]
[White "Martinez Gonzalez, Alejandro Santiago"]
[Black "Barcelo Pujadas, Pedro Jose"]
[Result "1-0"]
[WhiteElo "2352"]
[BlackElo "2244"]
[PlyCount "103"]
[EventDate "2003.12.27"]
[EventType "tourn"]
[EventRounds "9"]
[EventCountry "ESP"]
[SourceTitle "EXT 2005"]
[Source "ChessBase"]
[SourceDate "2004.11.15"]
[SourceVersion "1"]
[SourceVersionDate "2004.11.15"]
[SourceQuality "1"]

1. e4 e6 2. d3 c5 3. Nf3 Nc6 4. g3 g6 5. Bg2 Bg7 6. 0-0 Nge7 7. c3 d5 8. Nbd2 0-0 9. Re1 Qc7 10. Qe2 b6 11. e5 Ba6 12. Nf1 d4 13. c4 b5 14. b3 bxc4 15. bxc4 Rab8 16. h4 h5 17. Bf4 Qa5 18. Ng5 Qa3 19. Rad1 Rb2 20. Bc1 Rxe2 21. Bxa3 Rxa2 22. Bxc5 Rb8 23. Ra1 Rbb2 24. Rxa2 Rxa2 25. f4 Rb2 26. Ne4 Bb7 27. Nd6 Ba8 28. Be4 f5 29. Bh1 a5 30. Ra1 Bf8 31. Nb5 Nc8 32. Bxf8 Kxf8 33. Nc7 Bb7 34. Nxe6+ Ke7 35. Nc5 Ba8 36. Ra3 Nb6 37. Nb3 a4 38. Nc5 Nb4 39. Bxa8 Nc2 40. Nxa4 Rb1 41. Nxb6 Nxa3 42. Nd5+ Ke6 43. Nc7+ Kd7 44. Nb5 Nxb5 45. cxb5 Rxb5 46. Kf2 Rb2+ 47. Ke1 Rb1+ 48. Ke2 Ke7 49. Bd5 Rb5 50. Bc4 Rb8 51. Nd2 Rb7 52. Bb3 1-0

[Event "Mallorca Hotelsviva 1st"]
[Site "Mallorca"]
[Date "2003.10.20"]
[Round "3.2"]
[White "Martinez Gonzalez, Alejandro Santiago"]
[Black "Minzer, Claudio Javier"]
[Result "1/2-1/2"]
[WhiteElo "2319"]
[BlackElo "2417"]
[PlyCount "121"]
[EventDate "2003.10.18"]
[EventType "tourn"]
[EventRounds "9"]
[EventCountry "ESP"]
[EventCategory "4"]
[SourceTitle "EXT 2004"]
[Source "ChessBase"]
[SourceDate "2003.11.25"]
[SourceVersion "1"]
[SourceVersionDate "2003.11.25"]
[SourceQuality "1"]

1. c4 Nf6 2. Nc3 c5 3. g3 g6 4. Bg2 Bg7 5. e4 Nc6 6. Nge2 d6 7. 0-0 0-0 8. d3 Ne8 9. f4 Bg4 10. h3 Bxe2 11. Nxe2 Rb8 12. Rb1 Nc7 13. f5 Ne5 14. Be3 b5 15. b3 a5 16. Qc2 Qd7 17. g4 a4 18. bxa4 b4 19. d4 cxd4 20. Nxd4 Rfc8 21. Rfc1 Na6 22. Bf1 Nc5 23. Nb5 Nc6 24. Rd1 Qe8 25. g5 Be5 26. Be2 Rb7 27. h4 Ra8 28. h5 Nxa4 29. hxg6 hxg6 30. fxg6 fxg6 31. Bg4 Kg7 32. Be6 Nb6 33. Bxb6 Rxb6 34. Nc7 Qb8 35. Nxa8 Ra6 36. Qf2 Nd8 37. Bd5 e6 38. Rf1 Qa7 39. c5 Qxc5 40. Qxc5 dxc5 41. Nc7 Bxc7 42. Bc4 Rd6 43. Rbd1 Rd4 44. Rxd4 cxd4 45. Kg2 Nf7 46. Bxe6 Nxg5 47. Bd5 Bd6 48. Rc1 Kf6 49. Rh1 Bf4 50. Rh8 d3 51. Re8 d2 52. Bb3 Be5 53. Rf8+ Ke7 54. Rf2 Bc3 55. e5 Ne6 56. Rf6 Nc5 57. Rd6 g5 58. Kf3 Nd7 59. Ke4 g4 60. Rxd7+ Kxd7 61. e6+ 1/2-1/2

[Event "Palma de Mallorca Mestres 1st"]
[Site "Palma de Mallorca"]
[Date "2003.01.19"]
[Round "8"]
[White "Mascaro March, Pedro"]
[Black "Martinez Gonzalez, Alejandro Santiago"]
[Result "1/2-1/2"]
[WhiteElo "2320"]
[BlackElo "2306"]
[PlyCount "103"]
[EventDate "2002.12.28"]
[EventType "tourn"]
[EventRounds "9"]
[EventCountry "ESP"]
[SourceTitle "EXT 2006"]
[Source "ChessBase"]
[SourceDate "2005.11.24"]
[SourceVersion "1"]
[SourceVersionDate "2005.11.24"]
[SourceQuality "1"]

1. d4 Nf6 2. c4 g6 3. Nc3 Bg7 4. e4 d6 5. Be2 0-0 6. Nf3 Nbd7 7. 0-0 e5 8. Be3 Re8 9. d5 Ng4 10. Bg5 f6 11. Bh4 a5 12. Ne1 Nh6 13. f3 Nf7 14. Nd3 Nc5 15. a3 Bd7 16. Bf2 Qe7 17. b4 axb4 18. axb4 Rxa1 19. Qxa1 Nb3 20. Qa7 Bc8 21. Nb5 f5 22. Nc1 Nxc1 23. Rxc1 fxe4 24. fxe4 Ng5 25. Bd3 Nh3+ 26. Kh1 Nxf2+ 27. Qxf2 Rf8 28. Qg3 Bh6 29. Rf1 Rxf1+ 30. Bxf1 Bd2 31. Qa3 c6 32. dxc6 bxc6 33. Na7 Qf7 34. Bd3 Qf2 35. Qa1 Bh3 36. Qf1 Qxa7 37. gxh3 Bxb4 38. h4 Bc5 39. h5 Qe7 40. Qh3 gxh5 41. Qxh5 Qf8 42. Be2 h6 43. Qf3 Qe7 44. Qg4+ Kf8 45. Qf5+ Qf7 46. Bg4 Qxf5 47. Bxf5 Ke7 48. Kg2 Kd8 49. Kf3 Kc7 50. Ke2 Kb6 51. h3 Bd4 52. Be6 1/2-1/2

[Event "Binissalem op 15th"]
[Site "Binissalem"]
[Date "2002.09.14"]
[Round "8"]
[White "Martinez Gonzalez, Alejandro Santiago"]
[Black "Serra Olives, Tomas"]
[Result "1/2-1/2"]
[WhiteElo "2293"]
[BlackElo "2240"]
[PlyCount "93"]
[EventDate "2002.09.??"]
[EventType "swiss"]
[EventRounds "9"]
[EventCountry "ESP"]
[SourceTitle "EXT 2003"]
[Source "ChessBase"]
[SourceDate "2002.11.25"]
[SourceVersion "1"]
[SourceVersionDate "2002.11.25"]
[SourceQuality "1"]

1. Nf3 Nf6 2. g3 b6 3. Bg2 Bb7 4. 0-0 e6 5. d3 d6 6. e4 Nbd7 7. Nbd2 c5 8. h3 Be7 9. Qe2 Qc7 10. b3 0-0 11. Bb2 b5 12. Nh2 Ne5 13. f4 Nc6 14. Ndf3 d5 15. e5 Nh5 16. Qe1 c4 17. d4 Nb4 18. Ng5 h6 19. Bf3 hxg5 20. Bxh5 Nxc2 21. Qe2 Nxa1 22. f5 exf5 23. e6 fxe6 24. Qxe6+ Kh8 25. Kg2 Rf6 26. Qe2 cxb3 27. Rc1 Nc2 28. Nf3 Bd6 29. axb3 Rc8 30. Nxg5 Qe7 31. Rxc2 Qxe2+ 32. Rxe2 g6 33. Bf3 Bc6 34. Rc2 Bc7 35. Nf7+ Rxf7 36. Rxc6 Rd8 37. Rxg6 Rg7 38. Rh6+ Kg8 39. g4 fxg4 40. hxg4 Bb6 41. Rh4 Rc7 42. Ba3 Rc2+ 43. Kh3 Rc3 44. Kg2 Rc7 45. Kf2 Rc2+ 46. Kf1 Bxd4 47. Be7 1/2-1/2

[Event "Mallorca-chT"]
[Site "Palma de Mallorca"]
[Date "2002.02.02"]
[Round "3.2"]
[White "Martinez Gonzalez, Alejandro Santiago"]
[Black "Galiana Salom, Juan Ramon"]
[Result "1-0"]
[WhiteElo "2341"]
[BlackElo "2308"]
[PlyCount "60"]
[EventDate "2002.??.??"]
[EventType "team"]
[EventRounds "10"]
[EventCountry "ESP"]
[SourceTitle "EXT 2003"]
[Source "ChessBase"]
[SourceDate "2002.11.25"]
[SourceVersion "1"]
[SourceVersionDate "2002.11.25"]
[SourceQuality "1"]

1. c4 Nf6 2. Nf3 c6 3. b3 d5 4. Bb2 Bf5 5. g3 e6 6. Bg2 Be7 7. 0-0 h6 8. d4 0-0 9. Nc3 Nbd7 10. Re1 Ne4 11. Nd2 Nxd2 12. Qxd2 Bg5 13. e3 dxc4 14. bxc4 Ne5 15. f4 Nxc4 16. Qe2 Nxb2 17. fxg5 Nd3 18. Reb1 Ne5 19. Rxb7 Bd3 20. Qd1 Ba6 21. Rb3 Nc4 22. Ne4 hxg5 23. Nc5 Qa5 24. Bf1 Nd2 25. Bxa6 Nxb3 26. axb3 Qc3 27. Bd3 Rad8 28. Rc1 Qb2 29. Rb1 Qc3 30. Qh5 f5 1-0

[Event "Mallorca-ch 0102 Preferente"]
[Site "Palma de Mallorca"]
[Date "2001.12.15"]
[Round "7"]
[White "Martinez Gonzalez, Alejandro Santiago"]
[Black "Galiana Salom, Juan Ramon"]
[Result "1/2-1/2"]
[WhiteElo "2341"]
[BlackElo "2235"]
[PlyCount "82"]
[EventDate "2001.10.06"]
[EventType "swiss"]
[EventRounds "7"]
[EventCountry "ESP"]
[SourceTitle "EXT 2003"]
[Source "ChessBase"]
[SourceDate "2002.11.25"]
[SourceVersion "1"]
[SourceVersionDate "2002.11.25"]
[SourceQuality "1"]

1. c4 f5 2. Nc3 g6 3. g3 Bg7 4. Bg2 c6 5. d3 d6 6. e3 Nh6 7. Nge2 Nd7 8. Rb1 a5 9. a3 0-0 10. 0-0 Nf7 11. b4 axb4 12. axb4 Nf6 13. Qb3 Kh8 14. Bd2 Bd7 15. b5 e6 16. Ra1 Qc7 17. Rfb1 Rfc8 18. Ra2 Qd8 19. Rxa8 Rxa8 20. bxc6 bxc6 21. Nd4 d5 22. cxd5 cxd5 23. e4 dxe4 24. dxe4 fxe4 25. Be3 Ng4 26. Nxe4 Nxe3 27. fxe3 Ba4 28. Qb4 Bxd4 29. exd4 Bc6 30. Rf1 Ra4 31. Ng5 Nxg5 32. Rf8+ Kg7 33. Qxa4 Qxf8 34. Qxc6 Qb4 35. Qd7+ Kh6 36. h4 Ne4 37. Kh2 Nf6 38. Qxe6 Qxd4 39. Qc8 Ng4+ 40. Kh3 Nf2+ 41. Kh2 Ng4+ 1/2-1/2

[Event "ESP-ch op-A"]
[Site "Cala Mendia"]
[Date "2001.11.19"]
[Round "3"]
[White "Martinez Gonzalez, Alejandro Santiago"]
[Black "Sarto Ramos, Angel"]
[Result "1-0"]
[WhiteElo "2266"]
[BlackElo "2108"]
[PlyCount "45"]
[EventDate "2001.11.17"]
[EventType "swiss"]
[EventRounds "9"]
[EventCountry "ESP"]
[SourceTitle "CBM 085 Extra"]
[Source "ChessBase"]
[SourceDate "2002.01.21"]
[SourceVersion "1"]
[SourceVersionDate "2002.01.21"]
[SourceQuality "1"]

1. c4 c5 2. Nf3 g6 3. d4 cxd4 4. Nxd4 Bg7 5. e4 Nc6 6. Be3 Nf6 7. Nc3 0-0 8. Be2 d6 9. 0-0 Bd7 10. f3 Qa5 11. Qd2 Rfc8 12. Rfd1 a6 13. Nb3 Qb4 14. c5 Be6 15. cxd6 Bxb3 16. axb3 Qxb3 17. Na4 Nd7 18. Ra3 Qe6 19. dxe7 Rc7 20. Rd3 Nce5 21. Nb6 Nxd3 22. Nxa8 Rc8 23. Qxd3 1-0

[Event "Mallorca-ch 0102 Preferente"]
[Site "Palma de Mallorca"]
[Date "2001.11.10"]
[Round "5"]
[White "Martinez Gonzalez, Alejandro Santiago"]
[Black "Sabater Moner, Guillermo"]
[Result "1/2-1/2"]
[WhiteElo "2341"]
[BlackElo "2182"]
[PlyCount "70"]
[EventDate "2001.10.06"]
[EventType "swiss"]
[EventRounds "7"]
[EventCountry "ESP"]
[SourceTitle "EXT 2003"]
[Source "ChessBase"]
[SourceDate "2002.11.25"]
[SourceVersion "1"]
[SourceVersionDate "2002.11.25"]
[SourceQuality "1"]

1. d4 Nf6 2. c4 e6 3. Nc3 Bb4 4. e3 0-0 5. Bd3 d5 6. Nge2 c5 7. a3 Bxc3+ 8. Nxc3 cxd4 9. exd4 dxc4 10. Bxc4 Nc6 11. Be3 b6 12. 0-0 Bb7 13. Qd3 Rc8 14. Rfd1 h6 15. Ba2 Ne7 16. Bf4 Ng6 17. Bg3 Qd7 18. Rac1 Rfd8 19. Bb1 Nh5 20. Qe3 Nxg3 21. hxg3 Ne7 22. g4 Nd5 23. Qg3 Nf6 24. g5 hxg5 25. Qxg5 Rc4 26. Rd3 Rxd4 27. Rcd1 e5 28. Ne2 Rxd3 29. Rxd3 Qc7 30. Ng3 Rxd3 31. Bxd3 Bc8 32. Bf5 Be6 33. Bxe6 fxe6 34. Nh5 Nxh5 35. Qxh5 Qd6 1/2-1/2

[Event "Mallorca-chT Preferente"]
[Site "Palma de Mallorca"]
[Date "2001.03.17"]
[Round "11.3"]
[White "Martinez Gonzalez, Alejandro Santiago"]
[Black "Gaya Llodra, Juan"]
[Result "1/2-1/2"]
[WhiteElo "2350"]
[BlackElo "2290"]
[PlyCount "117"]
[EventDate "2001.01.13"]
[EventType "team"]
[EventRounds "14"]
[EventCountry "ESP"]
[SourceTitle "EXT 2002"]
[Source "ChessBase"]
[SourceDate "2001.11.25"]
[SourceVersion "1"]
[SourceVersionDate "2001.11.25"]
[SourceQuality "1"]

1. d4 Nf6 2. c4 c6 3. g3 g6 4. Bg2 d5 5. cxd5 cxd5 6. Nf3 Bg7 7. 0-0 0-0 8. Ne5 Ne4 9. f3 Nd6 10. f4 e6 11. Nc3 Nd7 12. b3 f6 13. Nd3 Ne4 14. Bb2 f5 15. e3 Ndf6 16. Ne5 Bd7 17. Qe2 Rc8 18. Rfc1 a6 19. Rc2 Nxc3 20. Bxc3 Bb5 21. Qe1 Ne4 22. Rac1 Bxe5 23. dxe5 Qd7 24. Qd1 Nxc3 25. Rxc3 Rxc3 26. Rxc3 Rc8 27. Qc2 Rxc3 28. Qxc3 Qc6 29. Qxc6 bxc6 30. a4 Bd3 31. b4 Kf7 32. Kf2 Ke7 33. Ke1 Kd7 34. Kd2 Bc4 35. Kc3 c5 36. bxc5 Kc6 37. Kd4 a5 38. g4 Bb3 39. gxf5 gxf5 40. Bf3 Bxa4 41. Bh5 Kb7 42. Kc3 Bd7 43. Bd1 Be8 44. Bb3 Bb5 45. Kd4 a4 46. Ba2 a3 47. e4 fxe4 48. f5 exf5 49. Bxd5+ Bc6 50. e6 Bxd5 51. Kxd5 Kc7 52. c6 a2 53. e7 a1Q 54. e8Q Qd1+ 55. Ke5 e3 56. Qf7+ Kxc6 57. Qc4+ Kb6 58. Qb4+ Kc6 59. Qc4+ 1/2-1/2

[Event "Mallorca-chT Preferente"]
[Site "Palma de Mallorca"]
[Date "2001.01.20"]
[Round "2.3"]
[White "Perez Gandesa, Jose Antonio"]
[Black "Martinez Gonzalez, Alejandro Santiago"]
[Result "0-1"]
[WhiteElo "2005"]
[BlackElo "2350"]
[PlyCount "52"]
[EventDate "2001.01.13"]
[EventType "team"]
[EventRounds "14"]
[EventCountry "ESP"]
[SourceTitle "EXT 2002"]
[Source "ChessBase"]
[SourceDate "2001.11.25"]
[SourceVersion "1"]
[SourceVersionDate "2001.11.25"]
[SourceQuality "1"]

1. d4 Nf6 2. Bg5 e6 3. e4 h6 4. Bxf6 Qxf6 5. Nf3 d6 6. Bd3 Qd8 7. Nbd2 g6 8. c3 Bg7 9. Qc2 Nd7 10. h4 a6 11. h5 g5 12. Nc4 b5 13. Na5 c5 14. Nc6 Qc7 15. d5 Bb7 16. e5 exd5 17. exd6 Qxc6 18. Qe2+ Kf8 19. Qe7+ Kg8 20. Bf5 Nf8 21. 0-0-0 Re8 22. d7 Rxe7 23. d8Q Qc7 24. Rxd5 Bxd5 25. Qxd5 Qf4+ 26. Kb1 Re5 0-1

[Event "Madrid sim"]
[Site "Madrid"]
[Date "2001.??.??"]
[Round "?"]
[White "Karpov, Anatoly"]
[Black "Martinez Gonzalez, Alejandro Santiago"]
[Result "1-0"]
[WhiteElo "2692"]
[BlackElo "2266"]
[PlyCount "73"]
[EventDate "2001.11.10"]
[EventType "simul"]
[EventRounds "1"]
[EventCountry "ESP"]
[SourceTitle "CBM 085 Extra"]
[Source "ChessBase"]
[SourceDate "2002.01.21"]
[SourceVersion "1"]
[SourceVersionDate "2002.01.21"]
[SourceQuality "1"]

1. Nf3 d5 2. d4 Nf6 3. c4 e6 4. Nc3 Bb4 5. Bg5 0-0 6. e3 Re8 7. Qb3 Bxc3+ 8. bxc3 Nbd7 9. a4 c6 10. a5 h6 11. Bh4 Qc7 12. Bg3 Qd8 13. Bd3 Nh5 14. Bd6 dxc4 15. Bxc4 Ndf6 16. Bb4 Nd5 17. Bc5 Nhf6 18. Bd3 Nd7 19. Bd6 N7f6 20. Be5 Ng4 21. Bg3 Ngxe3 22. fxe3 Nxe3 23. Ke2 Nf5 24. Bf2 Qc7 25. Rhe1 a6 26. Kf1 Bd7 27. Ne5 Rad8 28. Bxf5 Re7 29. Bg4 Rde8 30. Bg3 Qc8 31. Nc4 e5 32. Nd6 Be6 33. Nxc8 Bxb3 34. Nxe7+ Rxe7 35. Rxe5 Rxe5 36. Bxe5 Bc4+ 37. Kf2 1-0

[Event "Mallorca op"]
[Site "Mallorca"]
[Date "2000.12.03"]
[Round "2"]
[White "Kolev, Atanas"]
[Black "Martinez Gonzalez, Alejandro Santiago"]
[Result "1-0"]
[WhiteElo "2582"]
[BlackElo "2254"]
[PlyCount "129"]
[EventDate "2000.12.02"]
[EventType "swiss"]
[EventRounds "9"]
[EventCountry "ESP"]
[SourceTitle "CBM 079 Extra"]
[Source "ChessBase"]
[SourceDate "2001.01.11"]
[SourceVersion "2"]
[SourceVersionDate "2001.01.25"]
[SourceQuality "1"]

1. d4 e6 2. e4 d5 3. Nd2 c5 4. Ngf3 cxd4 5. exd5 Qxd5 6. Bc4 Qd8 7. 0-0 Ne7 8. Nb3 Ng6 9. Nbxd4 a6 10. Qe2 Be7 11. c3 0-0 12. Bd3 Qc7 13. h4 Re8 14. Re1 Bd7 15. h5 Nf8 16. Ne5 Bd6 17. Bf4 Nc6 18. Ndf3 Nxe5 19. Bxe5 Bc6 20. Bxd6 Qxd6 21. Ne5 h6 22. Rad1 Qc7 23. Rd2 Rad8 24. Nxc6 Qxc6 25. Red1 Qc7 26. Be4 Rxd2 27. Qxd2 Rb8 28. Qd6 Qxd6 29. Rxd6 f5 30. Bf3 b6 31. Be2 a5 32. a4 Kf7 33. Rc6 Ke7 34. Bc4 Kd7 35. Bb5 Ke7 36. f4 Nh7 37. Bc4 Nf8 38. Kf2 Kd7 39. Bb5 Ke7 40. Ke3 Rb7 41. Ba6 Ra7 42. Bc4 Rb7 43. b4 axb4 44. cxb4 Kd7 45. Bb5 Ke7 46. g3 Nd7 47. Bc4 Nf8 48. Kd4 Kd7 49. Bb5 Ke7 50. Kc3 Nd7 51. Bc4 Nf6 52. Rxe6+ Kd8 53. Ba6 Re7 54. Rxe7 Kxe7 55. Bb7 Nxh5 56. a5 bxa5 57. bxa5 Nf6 58. a6 Ne8 59. a7 Nc7 60. a8Q Nxa8 61. Bxa8 Kf6 62. Kd4 g5 63. Bf3 Kg6 64. Ke5 h5 65. Bxh5+ 1-0

[Event "Mallorca-ch pref"]
[Site "Palma de Mallorca"]
[Date "2000.11.18"]
[Round "5"]
[White "Serra Olives, Tomas"]
[Black "Martinez Gonzalez, Alejandro Santiago"]
[Result "0-1"]
[WhiteElo "2224"]
[BlackElo "2348"]
[PlyCount "142"]
[EventDate "2000.??.??"]
[EventType "swiss"]
[EventRounds "8"]
[EventCountry "ESP"]
[SourceTitle "EXT 2003"]
[Source "ChessBase"]
[SourceDate "2002.11.25"]
[SourceVersion "1"]
[SourceVersionDate "2002.11.25"]
[SourceQuality "1"]

1. e4 e6 2. d4 d5 3. Nc3 Nf6 4. Bg5 Bb4 5. e5 h6 6. Bd2 Bxc3 7. bxc3 Ne4 8. Qg4 g6 9. Bd3 Nxd2 10. Kxd2 c5 11. Nf3 Qe7 12. h4 Bd7 13. Rhb1 Bc6 14. Qf4 c4 15. Be2 Nd7 16. g4 0-0-0 17. g5 h5 18. a3 Rhf8 19. Ne1 Kb8 20. Ng2 Ka8 21. Ne3 Rc8 22. Rb2 Rc7 23. Rb4 Rfc8 24. Bf3 Nb8 25. Qg3 Na6 26. Rb2 Qd7 27. Be2 Ba4 28. Ke1 Rc6 29. Qf4 Nc7 30. Rab1 Rb8 31. Qf3 Ne8 32. Bf1 Ra6 33. Bg2 Bc6 34. Kd2 Nc7 35. Qf6 Nb5 36. Nxc4 dxc4 37. Rxb5 Bxg2 38. f3 Rc6 39. a4 Bh3 40. a5 Bf5 41. a6 b6 42. R1b2 Rc7 43. R2b4 Qd8 44. Qxd8 Rxd8 45. Rb2 Rd5 46. R2b4 Kb8 47. Kc1 Kc8 48. Kd2 Kd7 49. Rb2 Kd8 50. R2b4 Rcd7 51. Kd1 Rxb5 52. Rxb5 Rd5 53. Rb4 Ra5 54. Rxc4 Rxa6 55. Rc6 Ra1+ 56. Kd2 Ra2 57. c4 Rxc2+ 58. Ke3 Rc3+ 59. Ke2 Kd7 60. d5 exd5 61. Rd6+ Ke7 62. cxd5 Rc8 63. Rf6 Rc5 64. Rd6 Rc4 65. Ke3 Rxh4 66. Rc6 Bd7 67. Rc7 Ra4 68. f4 Kd8 69. d6 h4 70. f5 Bxf5 71. Rxf7 Re4+ 0-1

[Event "Mallorca-ch pref"]
[Site "Palma de Mallorca"]
[Date "2000.11.11"]
[Round "4"]
[White "Martinez Gonzalez, Alejandro Santiago"]
[Black "Segura Ariza, Jose Luis"]
[Result "1-0"]
[WhiteElo "2348"]
[BlackElo "2250"]
[PlyCount "123"]
[EventDate "2000.??.??"]
[EventType "swiss"]
[EventRounds "8"]
[EventCountry "ESP"]
[SourceTitle "EXT 2003"]
[Source "ChessBase"]
[SourceDate "2002.11.25"]
[SourceVersion "1"]
[SourceVersionDate "2002.11.25"]
[SourceQuality "1"]

1. e4 e6 2. d4 d5 3. Nc3 Nf6 4. Bg5 dxe4 5. Nxe4 Be7 6. Bxf6 gxf6 7. Nf3 a6 8. c4 f5 9. Nc3 c5 10. d5 Bf6 11. Qa4+ Bd7 12. Qb3 Qc7 13. g3 0-0 14. Bg2 b5 15. 0-0 b4 16. Nd1 Ra7 17. Ne3 a5 18. Qc2 a4 19. Rab1 Kh8 20. Kh1 Rg8 21. Qd3 Ra6 22. Rfd1 Rd6 23. Ng1 Bc8 24. Qc2 Qd7 25. dxe6 fxe6 26. Rxd6 Qxd6 27. Qxa4 f4 28. gxf4 Qxf4 29. Nh3 Qh4 30. Qa8 Bd7 31. Qe4 Qh5 32. Qf3 Qg6 33. Rg1 Bc6 34. Qd1 Bxg2+ 35. Rxg2 Qe4 36. Ng4 Bxb2 37. f3 Qd4 38. Rd2 Qc3 39. Nf4 Qc1 40. Nxe6 Re8 41. Qxc1 Bxc1 42. Rd6 Nd7 43. f4 h5 44. Nf2 Nf8 45. f5 Ra8 46. Ne4 Kg8 47. N4xc5 Rxa2 48. Rb6 Rf2 49. Rxb4 Rxf5 50. Rb8 Rf7 51. Ne4 Bh6 52. c5 Re7 53. Nxf8 Bxf8 54. Ng5 Re5 55. c6 Re1+ 56. Kg2 Rc1 57. c7 Rc2+ 58. Kg3 Rc3+ 59. Kh4 Rc4+ 60. Kxh5 Rxc7 61. Rxf8+ Kg7 62. Ne6+ 1-0